| 000 -LEADER |
| fixed length control field |
00742nam a2200229Ia 4500 |
| 001 - CONTROL NUMBER |
| control field |
1938 |
| 003 - CONTROL NUMBER IDENTIFIER |
| control field |
GE_BSU |
| 005 - DATE AND TIME OF LATEST TRANSACTION |
| control field |
20221011155838.0 |
| 008 - FIXED-LENGTH DATA ELEMENTS--GENERAL INFORMATION |
| fixed length control field |
181216s2007ru xx |||||||||||||| ||rus|| |
| 020 ## - INTERNATIONAL STANDARD BOOK NUMBER |
| International Standard Book Number |
5911312374Х |
| 040 ## - CATALOGING SOURCE |
| Transcribing agency |
GE_BSU |
| 080 ## - UNIVERSAL DECIMAL CLASSIFICATION NUMBER |
| Universal Decimal Classification number |
349.444(075.8) К-88 |
| 100 ## - MAIN ENTRY--PERSONAL NAME |
| Personal name |
Кубанкина,Е.И. |
| 9 (RLIN) |
15253 |
| 245 ## - TITLE STATEMENT |
| Title |
Жилищное право : |
| Remainder of title |
Учебное пособие / |
| 245 ## - TITLE STATEMENT |
| Remainder of title |
Изд.2-ое перераб. и доп. |
| 264 ## - PRODUCTION, PUBLICATION, DISTRIBUTION, MANUFACTURE, AND COPYRIGHT NOTICE |
| Place of production, publication, distribution, manufacture |
Москва : |
| Name of producer, publisher, distributor, manufacturer |
Торговая корпорация ,,Дошков иК, |
| Date of production, publication, distribution, manufacture, or copyright notice |
2007. |
| 300 ## - PHYSICAL DESCRIPTION |
| Extent |
288 с.: |
| Other physical details |
20см. |
| 653 ## - INDEX TERM--UNCONTROLLED |
| keyword |
Жилищное право. |
| 653 ## - INDEX TERM--UNCONTROLLED |
| keyword |
სამართალი |
| 700 ## - ADDED ENTRY--PERSONAL NAME |
| Personal name |
Павленко,В. В. |
| 9 (RLIN) |
15254 |
| 942 ## - ADDED ENTRY ELEMENTS (KOHA) |
| Koha item type |
წიგნი |
| Source of classification or shelving scheme |
|